|
|
|
|
| LEADER |
01088nas a2200301 a 4500 |
| 001 |
c000152988 |
| 003 |
CARM |
| 005 |
20020205155249.0 |
| 008 |
880405d19391953fr mu p 0 1 0fre d |
| 019 |
1 |
|
|a 7255126
|5 LACONCORD2021
|
| 035 |
|
|
|a (OCoLC)220772303
|5 LACONCORD2021
|
| 040 |
|
|
|d VMOU
|
| 245 |
0 |
0 |
|a Revue du paludisme et de medicine tropicale.
|
| 260 |
|
|
|a Paris :
|b L. Sasportas,
|c [1939-1953]
|
| 300 |
|
|
|a v. :
|b ill. ;
|c 25cm.
|
| 500 |
|
|
|a Monthly.
|
| 500 |
|
|
|a Publisher varies.
|
| 500 |
|
|
|a "Fondateur Dr. L. Sasportas (1939-1946)"
|
| 515 |
|
|
|a Publication suspended between May 15, 1940 and Jan. 15, 1945.
|
| 650 |
|
0 |
|a Malaria
|x Periodicals.
|
| 650 |
|
0 |
|a Tropical medicine
|x Periodicals.
|
| 700 |
1 |
|
|a Sasportas, L.
|
| 852 |
8 |
|
|b CARM
|h A2:AK27E0
|i C03626
|p 0196074
|f SE
|
| 866 |
|
0 |
|a 1(1939)-11(1953)
|
| 866 |
|
0 |
|a 1(1939)-11(1953)
|
| 082 |
0 |
4 |
|a 616.988305
|2 20
|
| 999 |
f |
f |
|i 4acc0c9b-20be-592e-af29-9210f28d8f0d
|s 7d58c3b8-3440-5343-a427-c42b3e39aea7
|
| 952 |
f |
f |
|p Can circulate
|a CAVAL
|b CAVAL
|c CAVAL
|d CARM 1 Store
|e C03626
|f A2:AK27E0
|h Other scheme
|i book
|k 1(1939)-11(1953)
|m 0196074
|